00694nam a2200157 a 450000100100000000500170001000800410002704000250006824500670009326000990016030000350025904900090029495201050030395201110040899900170051900002987420200930055855.0110426s1986 dr 000 0 spa d aDO-SdBNPbspacBNPHU00aLibro del año 1986 :bmisión de la República Dominicana. aSanto Domingo :bEditorial Iglesia de Jesucristo de los Santos de los Últimos Días,c1986. a32 p. :bil., retrs. ;c28 cm. aBNPD 0010718PDaPDbPDcCTd2011-04-26iLF1l0o p29874-10r2020-06-25w2020-06-25yLFPDZNo se presta 0010718PDaPDbPDcCTd2011-04-26iLF1l0o p29874-20r2020-06-25te. 2w2020-06-25yLFPDZNo se presta c29366d29366